• AIU
  • Tony Wilmot Memorial Library

God and man / (Record no. 61239)

MARC details
000 -LEADER
fixed length control field 00617cam a2200229 i 4500
001 - CONTROL NUMBER
control field 800904
003 - CONTROL NUMBER IDENTIFIER
control field OSt
005 - DATE AND TIME OF LATEST TRANSACTION
control field 20150129161205.0
008 - FIXED-LENGTH DATA ELEMENTS--GENERAL INFORMATION
fixed length control field 760115t19751971nyu 000 0 eng
010 ## - LIBRARY OF CONGRESS CONTROL NUMBER
LC control number 75034845
020 ## - INTERNATIONAL STANDARD BOOK NUMBER
International Standard Book Number 0809119234
040 ## - CATALOGING SOURCE
Original cataloging agency DLC
Transcribing agency DLC
Modifying agency DLC
050 10 - LIBRARY OF CONGRESS CALL NUMBER
Classification number BT1102
Item number .B55 1975
082 00 - DEWEY DECIMAL CLASSIFICATION NUMBER
Classification number 239
100 1# - MAIN ENTRY--PERSONAL NAME
Personal name Bloom, Anthony,
Dates associated with a name 1914-2003.
9 (RLIN) 35542
245 10 - TITLE STATEMENT
Title God and man /
Statement of responsibility, etc Anthony Bloom.
260 ## - PUBLICATION, DISTRIBUTION, ETC. (IMPRINT)
Place of publication, distribution, etc New York :
Name of publisher, distributor, etc Paulist Press,
Date of publication, distribution, etc [1975] c1971.
300 ## - PHYSICAL DESCRIPTION
Extent 125 p. ;
Dimensions 19 cm.
650 #0 - SUBJECT ADDED ENTRY--TOPICAL TERM
Topical term or geographic name as entry element Apologetics.
9 (RLIN) 35543
906 ## - LOCAL DATA ELEMENT F, LDF (RLIN)
a 7
b cbc
c orignew
d 2
e ocip
f 19
g y-gencatlg
942 ## - ADDED ENTRY ELEMENTS (KOHA)
Source of classification or shelving scheme Library of Congress Classification
Koha item type Books
Holdings
Withdrawn status Lost status Source of classification or shelving scheme Damaged status Not for loan Collection code Home library Current library Shelving location Date acquired Source of acquisition Cost, normal purchase price Total Checkouts Full call number Barcode Date last seen Copy number Price effective from Koha item type
    Library of Congress Classification     General Circulation AIU/NEGST - Tony Wilmot Memorial Library AIU/NEGST - Tony Wilmot Memorial Library General Stacks 01/29/2015 Donation - TBN 20.00   BT 1102 .B55 1971 R32119P3232 09/26/2019 1 01/29/2015 Books